00669 2200265 4500001002100000005001500021035002000036007000300056008004100059020002200100082000800122084001400130100001400144245006200158260004300220300002800263650003200291700001400323990001100337990001100348990001100359990001100370990001100381990001100392INLIS00000000000214320180726032750 a0010-0718000095ta180726 g 0 ind  a978-602-249-772-1 a297 a297 ARR m0 aARRIFA'AH1 aMerajut Benang Cahaya /cArrifa'ah; penyunting, Mursyidah aJakarta :bBhuana Ilmu Komputer,c2014 axii, 188 hlm. ;c19 cm. aISLAM SEBAGAI PEDOMAN HIDUP0 aMURSYIDAH a16611a a16611b a16611b a16611a a16611a a16611b